| 000 | 01023nam a22002537a 4500 | ||
|---|---|---|---|
| 001 | 5626 | ||
| 003 | FISKH | ||
| 005 | 20250108091053.0 | ||
| 008 | 250108b cb ||||| |||| 00| 0 eng d | ||
| 020 | _a9780439944021 | ||
| 040 |
_aFISKH _beng _cFISKH _dFISKH |
||
| 050 | _aPS430 | ||
| 082 | _a938 | ||
| 100 | _aDeary, Terry | ||
| 245 |
_aGroovy Greeks / _cby Terry Deary : Illustrated by Martin Brown |
||
| 260 |
_aNew York : _bSholastic ; _c1996. |
||
| 300 |
_a140 pages : _billustrations ; _c21 cm . |
||
| 490 | _aHorrible Histories | ||
| 520 | _aAll the most horrible facts about the Groovy Greeks ready for readersto uncover, including why girls ran about naked pretending tobe bears, who had the world's first flushing toilet and why dedicateddoctors tasted their patients' ear wax. These bestsellingtitles are sure to be a huge hit with yet another generation of TerryDeary fans. | ||
| 650 |
_aAncient Greece _vnon-fiction |
||
| 700 |
_aBrown, Martin _eillustrator |
||
| 942 |
_2ddc _cBK _n0 |
||
| 999 |
_c5626 _d5626 |
||